| 000 | 01204nam a22003371 4500 | ||
|---|---|---|---|
| 001 | data | ||
| 005 | 20260322212118.0 | ||
| 008 | data | ||
| 035 | _a2162433 | ||
| 906 |
_a7 _bcbc _corignew _du _eocip _f19 _gy-gencatlg |
||
| 010 | _a 25022141 | ||
| 035 | _9(DLC) 25022141 | ||
| 040 |
_aDLC/ICU _cICU _dDLC |
||
| 050 | 0 | 0 |
_aQH15 _b.L6 |
| 051 |
_aQH15 _b.L6 Copy 2 _cCopy 2. |
||
| 100 | 1 |
_aLocy, William A. _q(William Albert), _d1857-1924. |
|
| 245 | 1 | 4 |
_aThe growth of biology; _bzoology from Aristotle to Cuvier, botany from Theophrastus to Hofmeister, physiology from Harvey to Claude Bernard, _cby the late William A. Locy ... |
| 260 |
_aNew York, _bH. Holt and company, _c1925. |
||
| 300 |
_axiv, 481 p. _billus. (incl. ports.) _c22 cm. |
||
| 336 |
_atext _btxt _2rdacontent |
||
| 337 |
_aunmediated _bn _2rdamedia |
||
| 338 |
_avolume _bnc _2rdacarrier |
||
| 650 | 0 |
_aNatural history _xHistory. |
|
| 650 | 0 |
_aBiology _xHistory. |
|
| 650 | 0 |
_aZoology _xHistory. |
|
| 650 | 0 |
_aBotany _xHistory. |
|
| 650 | 0 |
_aPhysiology _xHistory. |
|
| 991 |
_bc-GenColl _hQH15 _i.L6 _p00050455993 _tCopy 1 _wBOOKS |
||
| 991 |
_bc-GenColl _hQH15 _i.L6 _tCopy 2 _wBOOKS |
||
| 999 |
_c1787 _d1787 |
||